Zwischen Säkularisierung und Revitalisierung: Kirchlichkeit und Religiosität in Ostmittel- und Osteuropa ; eine vergleichende Analyse der Entwicklung seit 1989/90

Saved in:  
Bibliographic Details
Main Author: Müller, Olaf (Author)
Format: Electronic Article
Language:German
Check availability: HBZ Gateway
Interlibrary Loan:Interlibrary Loan for the Fachinformationsdienste (Specialized Information Services in Germany)
Published: 2014
In: Zwischen Säkularisierung und religiöser Vitalisierung
Year: 2014, Pages: 85-94
Online Access: Volltext (Publisher)

MARC

LEADER 00000caa a2200000 c 4500
001 780087976
003 DE-627
005 20251202212332.0
007 cr uuu---uuuuu
008 140310s2014 xx |||||o 00| ||ger c
020 |a 9783658046637 
035 |a (DE-627)780087976 
035 |a (DE-599)GBV780087976 
040 |a DE-627  |b ger  |c DE-627  |e rakwb 
041 |a ger 
084 |a 0  |2 ssgn 
100 1 |a Müller, Olaf  |4 aut 
245 1 0 |a Zwischen Säkularisierung und Revitalisierung  |b Kirchlichkeit und Religiosität in Ostmittel- und Osteuropa ; eine vergleichende Analyse der Entwicklung seit 1989/90  |c Olaf Müller 
264 1 |c 2014 
336 |a Text  |b txt  |2 rdacontent 
337 |a Computermedien  |b c  |2 rdamedia 
338 |a Online-Ressource  |b cr  |2 rdacarrier 
601 |a Säkularisierung 
601 |a Kirchlichkeit 
601 |a Religiosität 
601 |a Osteuropa 
601 |a Vergleich 
773 0 8 |i In  |a Hainz, Michael, 1954 -   |t Zwischen Säkularisierung und religiöser Vitalisierung  |d Wiesbaden : Springer VS, 2014  |g (2014), Seite 85-94  |h Online-Ressource (VIII, 319 S. 49 Abb, online resource)  |w (DE-627)1653649437  |w (DE-576)402416538  |z 9783658046637  |z 9781306704489  |7 nnam 
773 1 8 |g year:2014  |g pages:85-94 
856 4 0 |u http://link.springer.com/chapter/10.1007/978-3-658-04663-7_8  |x Verlag  |3 Volltext  |7 1 
951 |a AR 
ELC |a 1 
ITA |a 1  |t 1 
ORI |a SA-MARC-ixtheo_oa001.raw 
REL |a 1 
SUB |a REL